000 00803nam a2200241Ia 4500
003 OSt
005 20250530115220.0
008 210719s2003 xx 000 0 und d
040 _cAL
041 _aKannada
082 _aK894.3 SHET
100 _aSHETTY (K J)
_dಶೆಟ್ಟಿ (ಕೆ ಜೆ)
_9211786
245 _aTulunada siri
_bತುಳುನಾಡ ಸಿರಿ
260 _aDakshina Kannada
_c2003
300 _ax,98
_bPB
365 _b100
_cRs
650 _aKannada Fiction
_9211787
650 _aKannada literature
_9211788
650 _aಚಲನಚಿತ್ರವಾದ ತುಳು ಪಾಡ್ದನದ ಕಥೆ
_9211789
650 _aChalanachitravada tulupaddanada kathe
_9211790
906 _aChalanachitravada ; kathe ; siri ; Tulunada ; tulupaddanada
942 _2ddc
_cBK
999 _c214937
_d214937